000 01013cam a2200217 4500
001 WB3804-10
008 020130n2002 000 0 eng u
035 _a(Sirsi) u116542
245 _aTrends appear in US online auctions
260 _c2002
490 _aAntiques Trade Gazette
_v(1524) 2 February 2002, 3(1)
520 _aA survey of US auctioneers reveals firm trends starting to appear in online auctions. Most of the auctioneers agreed that access to Internet facilities had increased interest, and bidding and as a result prices were better. The worst problem voiced, seemed to be non-payment. One auctioneer estimated he had lost $1000 on every sale conducted via the Internet so far. The overall picture is that the US is developing a workable Internet bidding service.
590 _aWB
650 _aE-COMMERCE
650 _aAUCTIONEERS
650 _aONLINE AUCTIONS
650 _aUNITED STATES
650 _aAuctioneering
_96218
690 _aINFORMATION TECHNOLOGY-INTERNET
942 _n0
999 _c69397
_d69397